[Event "Budapest FS07 IM-A"]
[Site "Budapest"]
[Date "1993.??.??"]
[Round "3"]
[White "Volkmann, Friedrich"]
[Black "Kahn, Evarth"]
[Result "1/2-1/2"]
[WhiteElo "2320"]
[BlackElo "2390"]

1.c4 Nf6 2.Nc3 g6 3.e4 d6 4.d4 Bg7 5.Be2 O-O 6.Nf3 e5 7.O-O Nc6 8.d5 Ne7
9.Nd2 c5 10.Rb1 Ne8 11.b4 b6 12.a4 f5 13.a5 Bh6 14.axb6 axb6 15.f3 Be3+ 16.Kh1 f4
17.Nb3 Bxc1 18.Nxc1 g5 19.Nd3 Bd7 20.bxc5 bxc5 21.Ra1 Rxa1 22.Qxa1 h5 23.Nf2 Rf7
24.Nb5 Rg7 25.h3 Nc8 26.Qc3 Nf6 27.Nxd6 Nxd6 28.Qxe5 Nf7 29.Qc3 Qe7 30.Nd3 g4
31.Nxf4 gxh3 32.Nxh3 Bxh3 33.gxh3 Qd7 34.Kh2 Ng5 35.Qxf6 Qxh3+ 36.Kg1 Qg3+
37.Kh1 Nh3 38.Qe6+ Kf8 39.Qc8+ Ke7 40.d6+ Kf7 41.Qd7+ Kf8 42.Qd8+ Kf7 43.Qd7+ Kf8
44.Qd8+ Kf7  1/2-1/2

[Event "Budapest FS08 IM"]
[Site "Budapest"]
[Date "1993.??.??"]
[Round "3"]
[White "Littke, Adam"]
[Black "Borocz, Istvan"]
[Result "0-1"]
[WhiteElo "2270"]
[BlackElo "2335"]

1.d4 Nf6 2.c4 g6 3.Nc3 Bg7 4.e4 d6 5.Nf3 O-O 6.Be2 e5 7.O-O Nc6 8.d5 Ne7
9.Nd2 a5 10.a3 Nd7 11.Rb1 f5 12.b4 Kh8 13.f3 f4 14.Qc2 g5 15.c5 dxc5 16.bxc5 Nxc5
17.Nb5 Na6 18.Nc4 Bd7 19.Bd2 b6 20.Bc3 Ng6 21.Rfd1 g4 22.fxg4 Qg5 23.d6 Bxg4
24.Bxg4 Qxg4 25.Kh1 f3 26.gxf3 Qxf3+ 27.Qg2 Qf7 28.Ne3 c6 29.Nc7 Nxc7 30.dxc7 Qxc7
31.Nf5 Rad8 32.h4 Bf6 33.Qb2 Nf4 34.Rxd8 Rxd8 35.Qxb6 Qd7 36.Qe3 Qe6 37.Bxa5 Qa2
38.Rg1 Rd3  0-1

[Event "Budapest FS05 IM"]
[Site "Budapest"]
[Date "1993.??.??"]
[Round "3"]
[White "Brglez, Rado"]
[Black "Farago, Sandor"]
[Result "1-0"]
[WhiteElo "2300"]
[BlackElo "2340"]

1.d4 Nf6 2.c4 g6 3.Nc3 Bg7 4.e4 d6 5.Nf3 O-O 6.Be2 e5 7.O-O Nc6 8.d5 Ne7
9.Nd2 c5 10.Rb1 Ne8 11.b4 b6 12.bxc5 bxc5 13.Nb3 f5 14.f3 f4 15.Bd2 h5 16.Na4 Bd7
17.Naxc5 dxc5 18.Nxc5 Bc8 19.Nb3 a5 20.a4 Bd7 21.Nc5 Bc8 22.Nb3 Bd7 23.c5 Bxa4
24.Ra1 Bxb3 25.Qxb3 Kh7 26.Ra2 a4 27.Rxa4 Rxa4 28.Qxa4 Nxd5 29.exd5 Qxd5
30.Qc2 Nf6 31.Rd1 Qd4+ 32.Kf1 Rc8 33.c6 Qb6 34.Rc1 Bf8 35.Bd3 Ba3 36.Qa2 Qa7
37.c7 Kg7 38.Rc3 e4 39.Rxa3 Qd4 40.Bxe4 Nxe4 41.fxe4 Rxc7 42.Qa1  1-0

[Event "Budapest FS04 IM"]
[Site "Budapest"]
[Date "1993.??.??"]
[Round "4"]
[White "Dambrauskas, Virginijus"]
[Black "Kahn, Evarth"]
[Result "1/2-1/2"]
[WhiteElo "2395"]
[BlackElo "2360"]

1.Nf3 Nf6 2.c4 g6 3.Nc3 Bg7 4.d4 O-O 5.e4 d6 6.Be2 e5 7.O-O Nc6 8.d5 Ne7
9.Nd2 c5 10.a3 Ne8 11.b4 b6 12.Nb3 f5 13.f3 f4 14.Bd2 g5 15.bxc5 bxc5 16.Rb1 h5
17.Nb5 Ng6 18.Na5 Rf7 19.Nc6 Qf6 20.Ba5 Bd7 21.Nbxa7 g4 22.Rb8 Rxb8 23.Nxb8 g3
24.Nxd7 gxh2+ 25.Kh1 Rxd7 26.Nc6 Bf8 27.Qe1 Qg5 28.Qf2 Rb7 29.Bd1 Qg3 30.Qa2 h4
31.Be1 Qg5 32.a4 Nc7 33.Kxh2 Na6 34.Rh1 Rh7 35.Qf2 Qg3+ 36.Kg1 Rb7 37.Qe2 Qg5
38.Qa2 Be7 39.a5 Bd8 40.Ba4 Nb4 41.Nxb4 cxb4 42.Bb5 Ra7 43.Bxb4 Bb6+ 44.Kf1 Qd8
45.a6 Rg7 46.Rh3 Ba7 47.Be1 Bc5 48.Qa5 Bb6 49.Qa4 Ba7 50.Ba5 Qc8 51.Bb4 Bc5
52.Be1 Bb6 53.Qa2 Bc5 54.Bc6 Ne7 55.Rxh4 Nxc6 56.dxc6 Qxc6 57.Qa5 Qc7 58.Qb5 Rd7
59.Ke2 Re7 60.Bf2 Bxf2 61.Qd5+ Kg7 62.Rg4+ Kf6 63.Qg8 Rf7 64.Qg5+ Ke6 65.Qh6+ Rf6  1/2-1/2

[Event "Budapest FS12 GM"]
[Site "Budapest"]
[Date "1993.??.??"]
[Round "5"]
[White "Lukacs, Peter"]
[Black "Gonzalez Garcia, Jose"]
[Result "1-0"]
[WhiteElo "2485"]
[BlackElo "2380"]

1.d4 Nf6 2.c4 g6 3.Nc3 Bg7 4.e4 d6 5.Nf3 O-O 6.Be2 e5 7.O-O Nc6 8.d5 Ne7
9.Nd2 a5 10.a3 Nd7 11.Rb1 f5 12.b4 Kh8 13.f3 Ng8 14.Qc2 Ngf6 15.Bd3 f4 16.Be2 c6
17.dxc6 bxc6 18.c5 axb4 19.axb4 dxc5 20.b5 Nb6 21.bxc6 Qc7 22.Qb3 Rb8 23.Na4 c4
24.Nxc4 Nxa4 25.Qxb8 Qxc6 26.Qb4 Nd7 27.Ba3  1-0

[Event "Budapest FS11 IM-A"]
[Site "Budapest"]
[Date "1993.??.??"]
[Round "5"]
[White "Hoang Than Trang"]
[Black "Pasztor, Ferenc"]
[Result "0-1"]
[WhiteElo "2300"]
[BlackElo "2240"]

1.d4 Nf6 2.c4 g6 3.Nc3 Bg7 4.e4 d6 5.Nf3 O-O 6.Be2 e5 7.O-O Nc6 8.Be3 Ng4
9.Bg5 f6 10.Bc1 h5 11.h3 Nh6 12.dxe5 dxe5 13.Qxd8 Nxd8 14.Rd1 Ne6 15.Be3 Nf7
16.Nd5 Re8 17.Nh4 Kh7 18.g4 c6 19.gxh5 g5 20.h6 cxd5 21.Bh5 Ned8 22.hxg7 d4
23.Ng2 dxe3 24.Nxe3 Kxg7 25.Nd5 Rh8 26.Nc7 Rb8 27.Bg4 Nc6 28.Bxc8 Rbxc8 29.Ne6+ Kg6
30.Rd7 Rhe8 31.Nc5 b6 32.Nb3 Rh8 33.Kg2 Rh4 34.f3 Nfd8 35.Rd6 Nb7 36.Rd7 Nc5
37.Nxc5 bxc5 38.Rad1 Nd4 39.Rxa7 Rch8 40.Rh1 Ne6 41.a4 Rb8 42.Rb1 Nf4+ 43.Kf2 Rxh3
44.a5 Rh2+ 45.Kg1 Rbh8  0-1

[Event "Budapest FS12 GM"]
[Site "Budapest"]
[Date "1993.??.??"]
[Round "5"]
[White "Shabtai, Ran"]
[Black "Anka, Emil"]
[Result "1/2-1/2"]
[WhiteElo "2350"]
[BlackElo "2395"]

1.Nf3 d6 2.d4 Nf6 3.c4 g6 4.Nc3 Bg7 5.e4 O-O 6.Be2 e5 7.O-O Nc6 8.d5 Ne7
9.b4 Nh5 10.g3 f5 11.Ng5 Nf6 12.f3 f4 13.Kg2 a5 14.Ba3 h6 15.Nh3 fxg3 16.hxg3 Nh5
17.Rh1 c6 18.dxc6 Nxc6 19.Qd5+ Kh7 20.b5 Nd4 21.Qxd6 Bxh3+ 22.Rxh3 Qg5 23.Bc1 Nf4+
24.Kh2 Rad8 25.Qb6 Qe7 26.gxf4 exf4 27.Rb1 Nxe2 28.Nxe2 g5 29.Qf2 Rf7 30.Bb2 Rd2
31.Bxg7 Rxg7 32.Rg1 g4 33.fxg4 Qxe4 34.Rg2 Rxg4 35.Rxg4 Rxe2 36.Qxe2 Qxe2+
37.Rg2 Qxc4 38.Rf3 Qxb5 39.Rxf4 Qe5 40.Rf2 b5 41.Kg1 b4 42.Rf5 Qg3+ 43.Kh1 Qh4+
44.Kg1 a4 45.Rf7+ Kg6 46.Rd7 Qe4 47.Rd6+ Kg5 48.Rg2+ Kf5 49.Rxh6 Qe3+ 50.Rf2+ Ke5
51.Rh5+ Kd4 52.Rh4+ Kc3 53.Rf4 Qe1+ 54.Kg2  1/2-1/2

[Event "Statistika"]
[Site "Budapest"]
[Date "1993.??.??"]
[Round "6"]
[White "Habibi, Ali"]
[Black "Fancsy, Imre"]
[Result "1/2-1/2"]
[WhiteElo "2305"]
[BlackElo "2300"]

1.d4 Nf6 2.c4 g6 3.Nc3 Bg7 4.e4 d6 5.Nf3 O-O 6.Be2 e5 7.O-O Nc6 8.Be3 Ng4
9.Bg5 f6 10.Bh4 g5 11.Bg3 Nh6 12.h3 Nf7 13.dxe5 fxe5 14.c5 dxc5 15.Bc4 h6  1/2-1/2

[Event "Budapest FS05 IM"]
[Site "Budapest"]
[Date "1993.??.??"]
[Round "7"]
[White "Brglez, Rado"]
[Black "Kahn, Evarth"]
[Result "0-1"]
[WhiteElo "2300"]
[BlackElo "2360"]

1.d4 Nf6 2.c4 g6 3.Nc3 Bg7 4.e4 d6 5.Nf3 O-O 6.Be2 e5 7.O-O Nc6 8.d5 Ne7
9.Nd2 c5 10.dxc6 bxc6 11.b4 d5 12.a4 a5 13.Ba3 axb4 14.Bxb4 d4 15.Na2 Bh6
16.Bf3 Nd7 17.c5 Bxd2 18.Bxd2 Nxc5 19.Nb4 Be6 20.Ra3 Qd6 21.a5 Na6 22.Ra4 c5
23.Nxa6 Qxa6 24.Be2 c4 25.Rb4 Rfb8 26.Qa4 d3 27.Bf3 Nc6 28.Rxb8+ Rxb8 29.Rc1 Nd4
30.Bc3 Nxf3+ 31.gxf3 f6 32.Kg2 Kf7 33.Qa3 Rb7 34.Qc5 g5 35.Bb4 Qb5 36.Qf8+ Kg6
37.Bc3 Rb8 38.Qe7 Qd7 39.Qc5 Rb5 40.Qe3 Rb3 41.Qd2 Bh3+ 42.Kg1 Qa4 43.Qe1 Ra3
44.Bb4 Ra2 45.Bd2 Qb3 46.Ra1 Rxa1 47.Qxa1 c3  0-1

[Event "Budapest FS10 GM"]
[Site "Budapest"]
[Date "1993.??.??"]
[Round "7"]
[White "Lukacs, Peter"]
[Black "Grivas, Efstratios"]
[Result "0-1"]
[WhiteElo "2485"]
[BlackElo "2505"]

1.d4 Nf6 2.c4 g6 3.Nc3 Bg7 4.e4 d6 5.Nf3 O-O 6.Be2 e5 7.O-O Nc6 8.d5 Ne7
9.Ne1 Nd7 10.Nd3 f5 11.Bd2 Nf6 12.f3 f4 13.g4 g5 14.Be1 h5 15.h3 Ng6 16.Kg2 Rf7
17.Bf2 Bf8 18.b4 Rh7 19.Rh1 Be7 20.Qb3 Kg7 21.c5 Bd7 22.Rac1 a6 23.a4 hxg4
24.hxg4 Nh4+ 25.Bxh4 Rxh4 26.Rxh4 gxh4 27.Qc4 h3+ 28.Kh1 Qh8 29.c6 bxc6 30.dxc6 Bc8
31.Rg1 Nh7 32.Qb3 Ng5 33.Nd5 Be6 34.b5 axb5 35.axb5 Bxd5 36.Qxd5 Qb8 37.Nxe5 dxe5
38.Qxe5+ Bf6 39.Qxf4 Ra2 40.e5 Be7 41.Qc4 Rb2 42.f4 Rb4 43.Qc1 Ne4 44.f5 Qd8
45.f6+ Bxf6 46.exf6+ Qxf6 47.Qe3 Qe5  0-1

[Event "Budapest FS10 IM-A"]
[Site "Budapest"]
[Date "1993.??.??"]
[Round "7"]
[White "Kecskes, Gabor"]
[Black "Rajcsanyi, Zita"]
[Result "0-1"]
[WhiteElo "2220"]
[BlackElo "2145"]

1.d4 Nf6 2.Nf3 g6 3.c4 Bg7 4.Nc3 O-O 5.e4 d6 6.Be2 e5 7.O-O Nc6 8.d5 Ne7
9.Nd2 a5 10.a3 Nd7 11.Rb1 f5 12.b4 axb4 13.axb4 Nf6 14.f3 f4 15.c5 g5 16.Nc4 h5
17.cxd6 cxd6 18.Nb5 Ne8 19.Bd2 Rf6 20.Be1 Bd7 21.Nc3 b5 22.Na5 Rb8 23.Bf2 Rg6
24.Nc6 Nxc6 25.dxc6 Bxc6 26.Bxb5 Bxb5 27.Qd5+ Kh8 28.Nxb5 g4 29.fxg4 Qd7
30.Nc3 Qxg4 31.g3 h4  0-1

[Event "Budapest FS12 IM-A"]
[Site "Budapest"]
[Date "1993.??.??"]
[Round "7"]
[White "Chachere, Lawrence"]
[Black "Toh, Terry"]
[Result "1-0"]
[WhiteElo "2250"]
[BlackElo "2300"]

1.d4 g6 2.e4 Bg7 3.c4 d6 4.Nc3 Nf6 5.Nf3 O-O 6.Be2 e5 7.O-O Nc6 8.d5 Ne7
9.Ne1 Nd7 10.f3 f5 11.g4 Kh8 12.h4 Ng8 13.Ng2 Bh6 14.g5 Bg7 15.exf5 gxf5
16.f4 h6 17.Bd3 Nc5 18.Bc2 a5 19.Be3 Bd7 20.fxe5 Bxe5 21.Nf4 Qe8 22.Qe2 Qf7
23.Bxc5 Bxc3 24.bxc3 dxc5 25.Qe5+ Qg7 26.Ng6+ Kh7 27.Nxf8+ Rxf8 28.Bxf5+ Bxf5
29.Rxf5 Rxf5 30.Qxf5+ Kh8 31.Re1 hxg5 32.Qxg5 Qxc3 33.Qe5+ Qxe5 34.Rxe5 Kg7
35.Re8 Nf6 36.Re7+  1-0

[Event "Budapest FS06 IM"]
[Site "Budapest"]
[Date "1993.??.??"]
[Round "8"]
[White "Hoang Than Trang"]
[Black "Wegener, Dirk"]
[Result "0-1"]
[WhiteElo "2205"]
[BlackElo "2305"]

1.d4 Nf6 2.c4 g6 3.Nc3 Bg7 4.e4 d6 5.Nf3 O-O 6.Be2 e5 7.O-O Nc6 8.Be3 Ng4
9.Bg5 f6 10.Bh4 Qe8 11.h3 Nh6 12.dxe5 dxe5 13.c5 Be6 14.Qa4 Nd4 15.Nxd4 Qxa4
16.Nxa4 exd4 17.c6 b6 18.f4 Rad8 19.Rfd1 g5 20.fxg5 fxg5 21.Bxg5 Rde8 22.b3 Nf7
23.Bf4 Ne5 24.Bxe5 Bxe5 25.Rac1 Re7 26.Rd3 Bf4 27.Re1 Bc8 28.Bf3 Be3+ 29.Kh2 Ba6
30.Rdd1 Bb5 31.Nb2 Bxc6 32.Nc4 Bxe4 33.Nxe3 Bxf3 34.Rxd4 c5 35.Rd6 Bh5 36.Nc2 Rfe8
37.Rxe7 Rxe7 38.Rd2 Re2 39.Rxe2 Bxe2 40.Kg3 Bd3 41.Ne3 Kf7 42.Kf4 Ke6 43.g4 b5
44.a3 a5 45.h4 Kd6 46.g5 Bg6 47.Nd1 Bf7 48.Nc3 Kc6 49.b4 cxb4 50.axb4 axb4
51.Nd1 Kd5 52.Ke3 Ke5 53.Nb2 Kf5 54.Nd3 b3 55.Kd2 Bc4 56.Nc5 Kg4 57.Ne4 Kxh4
58.Nf6 b2 59.Kc2 Bd3+ 60.Kxb2 Kxg5 61.Nd5 h5 62.Kc3 Bc4 63.Ne3 h4 64.Nd1 h3
65.Nf2 h2 66.Kd2 Kh4 67.Ke1 Bd5 68.Kd2 Kg3  0-1

[Event "Budapest FS07 IM-A"]
[Site "Budapest"]
[Date "1993.??.??"]
[Round "8"]
[White "Wendt, Jan Dietrich"]
[Black "Schneider, Attila"]
[Result "0-1"]
[WhiteElo "2100"]
[BlackElo "2390"]

1.d4 Nf6 2.Nf3 g6 3.c4 Bg7 4.Nc3 O-O 5.e4 d6 6.Be2 e5 7.O-O Nc6 8.d5 Ne7
9.Ne1 Nd7 10.Be3 f5 11.f3 f4 12.Bf2 g5 13.a4 h5 14.a5 Nf6 15.c5 Ng6 16.c6 bxc6
17.dxc6 g4 18.fxg4 hxg4 19.Bc4+ Kh8 20.g3 Nh7 21.b4 Ng5 22.Ra2 Nh3+ 23.Kg2 a6
24.Nd5 Ne7 25.Nxe7 Qxe7 26.Nd3 Qe8 27.Bg1 Qg6 28.Bd5 Rb8 29.Rb2 Rb5 30.Nf2 fxg3
31.hxg3 Nf4+ 32.gxf4 exf4  0-1

[Event "Budapest FS08 IM"]
[Site "Budapest"]
[Date "1993.??.??"]
[Round "8"]
[White "Sinkovics, Peter"]
[Black "Liedl, Wolfgang"]
[Result "1-0"]
[WhiteElo "2325"]
[BlackElo "2215"]

1.d4 Nf6 2.c4 g6 3.Nc3 Bg7 4.e4 d6 5.Nf3 O-O 6.Be2 e5 7.O-O Nc6 8.d5 Ne7
9.Nd2 a5 10.Rb1 Nd7 11.a3 f5 12.b4 Kh8 13.Qc2 Ng8 14.exf5 gxf5 15.f4 Ne7
16.Nf3 axb4 17.axb4 e4 18.Ne1 Nf6 19.h3 c6 20.dxc6 bxc6 21.Be3 Be6 22.Qd2 d5
23.c5 d4 24.Bxd4 Ned5 25.Nc2 Nxc3 26.Qxc3 Kg8 27.Bc4 Nd5 28.Qb3 Qd7 29.Rfd1 Qf7
30.Bxg7 Kxg7 31.Nd4 Rfc8 32.Nxe6+ Qxe6 33.Rxd5 cxd5 34.Bxd5 Qd7 35.Qg3+  1-0

[Event "Budapest FS09 GM"]
[Site "Budapest"]
[Date "1993.??.??"]
[Round "8"]
[White "Dao Thien Hai"]
[Black "Loginov, Valery A"]
[Result "1/2-1/2"]
[WhiteElo "2565"]
[BlackElo "2505"]

1.d4 Nf6 2.c4 g6 3.Nc3 Bg7 4.e4 d6 5.Nf3 O-O 6.Be2 e5 7.O-O Nc6 8.Be3 Re8
9.dxe5 dxe5 10.c5 Bg4 11.Bb5 Nd7 12.Bxc6 bxc6 13.h3 Bxf3 14.Qxf3 Qb8 15.Qd1 Nf8
16.Qa4 Qb7 17.b4 Ne6 18.Rab1 a6 19.Qb3 a5 20.b5 cxb5 21.Qxb5 Qxb5 22.Rxb5 a4
23.Rd1 Bf8 24.Rd7 h5 25.g3 a3 26.Nd5 Rec8 27.Kg2 Kg7 28.Rb7 Ra4 29.Nxc7 Rxc7
30.Rdxc7 Nxc7 31.Rxc7 Rxe4 32.Ra7 Rc4 33.Rxa3 Bxc5 34.Bxc5 Rxc5  1/2-1/2

[Event "Budapest FS12 GM"]
[Site "Budapest"]
[Date "1993.??.??"]
[Round "9"]
[White "Shabtai, Ran"]
[Black "Loginov, Valery A"]
[Result "1/2-1/2"]
[WhiteElo "2350"]
[BlackElo "2505"]

1.d4 Nf6 2.Nf3 g6 3.c4 Bg7 4.Nc3 O-O 5.e4 d6 6.Be2 e5 7.O-O Nc6 8.d5 Ne7
9.b4 Nh5 10.c5 Nf4 11.Bxf4 exf4 12.Rc1 h6 13.Nd4 g5 14.Bh5 c6 15.Nb3 Be5
16.dxc6 bxc6 17.Bg4 dxc5 18.Nxc5 Qxd1 19.Bxd1 a5 20.bxa5 Rxa5 21.N3a4 Rd8
22.Bb3 Kf8 23.Nb6 Bb2 24.Rc2 Ba3 25.Nxc8 Bxc5 26.Nxe7 Kxe7 27.Rfc1  1/2-1/2

[Event "Budapest FS03 IM"]
[Site "Budapest"]
[Date "1993.??.??"]
[Round "9"]
[White "Schebler, Gerhard"]
[Black "Portisch, Ferenc"]
[Result "1/2-1/2"]
[WhiteElo "2365"]
[BlackElo "2400"]

1.Nf3 Nf6 2.c4 g6 3.Nc3 Bg7 4.d4 O-O 5.e4 d6 6.Be2 e5 7.O-O Nc6 8.d5 Ne7
9.Nd2 c5 10.Rb1 Ne8 11.b4 b6 12.bxc5 bxc5 13.Nb3 f5 14.Bg5 h6 15.Bxe7 Qxe7
16.Na5 Bf6 17.Qa4 Ng7 18.Nc6 Qd7 19.Bd3 Nh5 20.Rb8 Rxb8 21.Nxb8 Qxa4 22.Nxa4 Nf4
23.Bc2 fxe4 24.Bxe4 Ne2+ 25.Kh1 Bf5 26.Bxf5 Rxb8 27.Rb1 Rxb1+ 28.Bxb1 Kf7
29.g3 e4 30.Bxe4 Nc3 31.Nxc3 Bxc3 32.Kg2 Kf6 33.h4 g5 34.Kh3 Bd4 35.f3 Bf2
36.Kg4 Be1 37.f4 gxf4 38.Kxf4 Bd2+ 39.Kg4 a5 40.Bc2 Ke5 41.Ba4  1/2-1/2

[Event "Budapest FS05 IM"]
[Site "Budapest"]
[Date "1993.??.??"]
[Round "9"]
[White "Brglez, Rado"]
[Black "Mester, Gyula"]
[Result "1/2-1/2"]
[WhiteElo "2300"]
[BlackElo "2290"]

1.d4 Nf6 2.c4 g6 3.Nc3 Bg7 4.e4 O-O 5.Nf3 d6 6.Be2 e5 7.O-O Nc6 8.d5 Ne7
9.Nd2 Nd7 10.b4 f5 11.c5 dxc5 12.bxc5 Nxc5 13.f3 b6 14.Ba3 Nb7 15.Nc4 Bd7
16.Qb3 Rf7 17.Rfd1 Nc8 18.Nb5 a6 19.Nc3 Be8 20.Rab1 Nbd6 21.Bd3 Nxc4 22.Bxc4 Nd6
23.Bd3 f4 24.Be2 Bf8 25.Bb4 h5 26.Rd2 g5 27.Nd1 Rg7 28.Nf2 a5 29.Bc3 Qf6
30.Qd1 Nf7 31.Bb5 Bc5 32.Kh1 Bxb5 33.Rxb5 Nd6 34.Rb1 Nc4 35.Re2 g4 36.Nd3 gxf3
37.gxf3 Rg1+ 38.Qxg1+ Bxg1 39.Rxg1+ Kf7 40.Reg2 Re8 41.Rg5 b5 42.Rxh5 Qb6
43.Nxe5+ Nxe5 44.Bxe5 Rxe5 45.Rxe5 Qe3 46.Rgg5 Qxf3+ 47.Kg1 Qe3+ 48.Kf1 f3
49.Rgf5+  1/2-1/2

[Event "Budapest FS10 IM-A"]
[Site "Budapest"]
[Date "1993.??.??"]
[Round "9"]
[White "Kecskes, Gabor"]
[Black "Farago, Sandor"]
[Result "0-1"]
[WhiteElo "2220"]
[BlackElo "2375"]

1.d4 Nf6 2.c4 g6 3.Nc3 Bg7 4.e4 d6 5.Be2 O-O 6.Nf3 e5 7.O-O Nc6 8.d5 Ne7
9.Bg5 h6 10.Bxf6 Bxf6 11.Nd2 Bg7 12.b4 f5 13.c5 fxe4 14.Ndxe4 Nf5 15.Bg4 Rf7
16.cxd6 cxd6 17.Rc1 a6 18.a4 h5 19.Bxf5 gxf5 20.Ng3 h4 21.Nh5 Bh8 22.f4 Bd7
23.Kh1 Rc8 24.Ne2 Rxc1 25.Nxc1 h3 26.g3 Qb6 27.Nd3 Qd4  0-1

[Event "Budapest FS12 GM"]
[Site "Budapest"]
[Date "1993.??.??"]
[Round "9"]
[White "Mikhalevski, Victor"]
[Black "Anka, Emil"]
[Result "1-0"]
[WhiteElo "2380"]
[BlackElo "2395"]

1.d4 Nf6 2.c4 g6 3.Nc3 Bg7 4.e4 d6 5.Nf3 O-O 6.Be2 e5 7.O-O Nc6 8.Be3 Ng4
9.Bg5 f6 10.Bh4 h5 11.d5 Ne7 12.Nd2 Nh6 13.f3 g5 14.Bf2 Ng6 15.c5 Rf7 16.Nc4 Bf8
17.cxd6 Bxd6 18.Nb5 Nf4 19.Nxa7 Bd7 20.Nxd6 cxd6 21.Nb5 Rg7 22.Kh1 g4 23.Rg1 f5
24.Nxd6 Nxe2 25.Qxe2 f4 26.Rgc1 g3 27.Bg1 Ra6 28.Nxb7 Qg5 29.Nc5 gxh2 30.Bxh2 Ng4
31.Nxd7 Nxh2 32.Rc8+ Kf7 33.Nxe5+ Ke7 34.Rc7+  1-0

[Event "Budapest FS11 GM"]
[Site "Budapest"]
[Date "1993.??.??"]
[Round "10"]
[White "Hamdouchi, Hichem"]
[Black "Sutovskij, Emil"]
[Result "0-1"]
[WhiteElo "2455"]
[BlackElo "2410"]

1.Nf3 Nf6 2.d4 g6 3.c4 Bg7 4.Nc3 O-O 5.e4 d6 6.Be2 e5 7.O-O Nc6 8.d5 Ne7
9.Nd2 a5 10.Rb1 Nd7 11.a3 f5 12.b4 Kh8 13.f3 Ng8 14.Qc2 Ndf6 15.c5 axb4 16.axb4 Nh5
17.g3 Ngf6 18.Nc4 fxe4 19.fxe4 Bh3 20.Rf2 Ng4 21.Bxg4 Bxg4 22.Rxf8+ Qxf8
23.Be3 Bh3 24.Qf2 Qe7 25.cxd6 cxd6 26.Nb5 Rf8 27.Qe2 Nf4 28.Qd2 Qd7 29.Ncxd6 Qg4
30.Nc3 Nh5 31.Qe2 Rf3 32.Bf2 Nf4 33.Qc2 h5 34.Nd1 Rd3  0-1

[Event "Budapest FS11 IM-A"]
[Site "Budapest"]
[Date "1993.??.??"]
[Round "10"]
[White "Szabolcsi, Janos"]
[Black "Borocz, Istvan"]
[Result "1-0"]
[WhiteElo "2385"]
[BlackElo "2335"]

1.d4 Nf6 2.c4 g6 3.Nc3 Bg7 4.e4 d6 5.Be2 O-O 6.Nf3 e5 7.O-O Nc6 8.dxe5 Nxe5
9.Nd4 Re8 10.Bg5 h6 11.Bh4 g5 12.Bg3 Ng6 13.Bd3 Bg4 14.f3 Bd7 15.Bc2 Nh5
16.Bf2 Nhf4 17.Kh1 Ne5 18.b3 c6 19.Qd2 Qf6 20.Rad1 Rad8 21.Be3 Bc8 22.Nde2 Nxe2
23.Nxe2 b6 24.Ng3 Ng6 25.Nh5 Qe7 26.Nxg7 Kxg7 27.g3 f6 28.f4 c5 29.Qc3 gxf4
30.gxf4 Bb7 31.Rd5 Bxd5 32.cxd5 Rg8 33.Bc1 Rdf8 34.Qh3 Kf7 35.f5 Qe5 36.fxg6+ Rxg6
37.Bf4 Qb2 38.Bd3 Qd4 39.Bxd6 Rd8 40.Qe6+ Kg7 41.Qe7+ Kh8 42.Qxd8+ Kh7 43.Qe7+  1-0

[Event "Budapest FS06 GM"]
[Site "Budapest"]
[Date "1993.??.??"]
[Round "10"]
[White "Soffer, Ram"]
[Black "Loginov, Valery A"]
[Result "1-0"]
[WhiteElo "2425"]
[BlackElo "2505"]

1.Nf3 Nf6 2.c4 g6 3.Nc3 Bg7 4.d4 O-O 5.e4 d6 6.Be2 e5 7.O-O Nc6 8.d5 Ne7
9.Bg5 Ne8 10.Nd2 h6 11.Be3 f5 12.f3 g5 13.c5 f4 14.Bf2 h5 15.Nc4 Rf6 16.cxd6 cxd6
17.Nb5 b6 18.Qb3 Bd7 19.Nxa7 Rxa7 20.Bxb6 Qa8 21.Bxa7 Qxa7+ 22.Qb6 Qa8 23.Qa5 Qb7
24.Nb6 Rf8 25.Qa6 Qxa6 26.Bxa6 Nf6 27.a4 g4 28.Rfc1 gxf3 29.gxf3 Bg4 30.fxg4 Nxe4
31.Nc8 Bf6 32.a5 f3 33.Bd3 Nc5 34.Nxe7+ Bxe7 35.Rxc5 dxc5 36.d6 Bxd6 37.Bc4+ Kg7
38.a6 e4 39.a7 e3 40.a8=Q Rxa8 41.Rxa8 Be5 42.b3 e2 43.Bxe2 fxe2 44.Kf2 hxg4
45.Ra4 Bxh2 46.Rxg4+ Kf6 47.Kxe2 Kf5 48.Rh4 Bg1 49.Kd3 Ke5 50.Kc4 Kd6 51.Rh6+ Kc7
52.Kb5 Kb7 53.Rh7+ Kb8 54.Kc6 Bd4 55.Rb7+ Ka8 56.Rb5 Ka7 57.Ra5+ Kb8 58.Rxc5 Bxc5
59.Kxc5 Kb7 60.Kb5 Ka7 61.Kc6  1-0

[Event "Budapest FS07 IM-A"]
[Site "Budapest"]
[Date "1993.??.??"]
[Round "11"]
[White "Volkmann, Friedrich"]
[Black "Schneider, Attila"]
[Result "0-1"]
[WhiteElo "2320"]
[BlackElo "2390"]

1.Nf3 Nf6 2.c4 g6 3.Nc3 Bg7 4.e4 d6 5.d4 O-O 6.Be2 e5 7.O-O Nc6 8.d5 Ne7
9.Nd2 a5 10.a3 Bd7 11.b3 Bh6 12.Rb1 Ne8 13.b4 axb4 14.axb4 f5 15.c5 Kh8 16.f3 Be3+
17.Kh1 f4 18.Nc4 Bd4 19.Bd2 g5 20.Na5 b6 21.c6 bxa5 22.cxd7 Nf6 23.Nb5 Bb6
24.bxa5 Rxa5 25.Bxa5 Bxa5 26.Na7 Bb6 27.Nc6 Qxd7 28.Bb5 Nxc6 29.dxc6 Qe8
30.Re1 g4 31.Ba4 Bf2 32.Re2 Bg3 33.h3 Qh5 34.Qf1 gxh3 35.gxh3 d5 36.Bc2 Rg8
37.Rb7 dxe4 38.Bxe4 Nxe4 39.Rxe4 Bf2 40.Rb3 Rg3 41.Kh2 Bg1+ 42.Kh1 Bd4 43.Kh2 Qg6
44.Rb8+ Kg7 45.Re1 Qc2+ 46.Re2 Qf5 47.Rb7 Qc8 48.Rb5 Kf6 49.Rd2 Bg1+ 50.Kh1 Be3
51.Rd7 Qg8 52.Rb1 Qg6 53.Rbd1 Qh5 54.Kh2 Rxf3  0-1

[Event "Budapest FS12 GM"]
[Site "Budapest"]
[Date "1993.??.??"]
[Round "11"]
[White "Shabtai, Ran"]
[Black "Sinowjew, Juri"]
[Result "0-1"]
[WhiteElo "2350"]
[BlackElo "2350"]

1.d4 Nf6 2.Nf3 g6 3.c4 Bg7 4.Nc3 O-O 5.e4 d6 6.Be2 e5 7.O-O Nc6 8.d5 Ne7
9.Ne1 Nd7 10.Be3 f5 11.f3 f4 12.Bf2 g5 13.a4 h5 14.a5 Nf6 15.c5 g4 16.Rc1 Ng6
17.cxd6 cxd6 18.Nb5 g3 19.hxg3 fxg3 20.Bxg3 Bh6 21.Nc7 h4 22.Bf2 Nh5 23.Rc3 Ngf4
24.Ne6 Bxe6 25.dxe6 Qg5 26.e7 Rf6 27.Kh2 Rg6 28.Qb3+ Kh8 29.Qf7 Nxe2 30.e8=Q+ Rxe8
31.Qxe8+ Rg8 32.Qd7 Qf4+ 33.Kh1 Nxc3 34.bxc3 Ng3+ 35.Bxg3 hxg3 36.Qf5 Qxf5
37.exf5 Be3 38.Nc2 Bf2 39.Rxf2 gxf2 40.Ne3 Rc8  0-1

[Event "Budapest FS10 GM"]
[Site "Budapest"]
[Date "1993.??.??"]
[Round "11"]
[White "Lukacs, Peter"]
[Black "Avrukh, Boris"]
[Result "1/2-1/2"]
[WhiteElo "2485"]
[BlackElo "2440"]

1.d4 Nf6 2.c4 g6 3.Nc3 Bg7 4.e4 d6 5.Nf3 O-O 6.Be2 e5 7.O-O Nc6 8.Be3 Ng4
9.Bg5 f6 10.Bc1 f5 11.Bg5 Qe8 12.exf5 gxf5 13.dxe5 dxe5 14.h3  1/2-1/2

[Event "Budapest FS04 IM"]
[Site "Budapest"]
[Date "1993.??.??"]
[Round "13"]
[White "Fancsy, Imre"]
[Black "Vadasz, Laszlo"]
[Result "1/2-1/2"]
[WhiteElo "2300"]
[BlackElo "2360"]

1.d4 Nf6 2.c4 g6 3.Nc3 Bg7 4.e4 d6 5.Be2 O-O 6.Nf3 e5 7.O-O Nc6 8.Be3 Ng4
9.Bg5 f6 10.Bh4 g5 11.Bg3 Nh6 12.h3 Nf7 13.dxe5 fxe5 14.c5 dxc5 15.Bc4 h6
16.Bxf7+ Kxf7 17.Qd5+  1/2-1/2

[Event "Budapest FS08 IM"]
[Site "Budapest"]
[Date "1993.??.??"]
[Round "13"]
[White "Littke, Adam"]
[Black "Liedl, Wolfgang"]
[Result "1-0"]
[WhiteElo "2270"]
[BlackElo "2215"]

1.d4 Nf6 2.c4 g6 3.Nc3 Bg7 4.e4 d6 5.Nf3 O-O 6.Be2 e5 7.O-O Nc6 8.d5 Ne7
9.Nd2 a5 10.a3 Nd7 11.Rb1 f5 12.b4 Kh8 13.f3 Ng8 14.Qc2 Ngf6 15.Bd3 f4 16.Be2 Nh5
17.Nb5 Ndf6 18.c5 Ne8 19.Nc4 axb4 20.axb4 Bd7 21.Nc3 Ng3 22.Rd1 Qh4 23.c6 bxc6
24.dxc6 Be6 25.Nd5 g5 26.b5 Bxd5 27.Rxd5 Rf6 28.Ba3 Rh6 29.h3 g4 30.fxg4 Nf6
31.Rd3 Nfxe4 32.Rxg3 Nxg3 33.Bb2 Qd8 34.Bf3 Qb8 35.Bc3 Qa7+ 36.Kh2 Qc5 37.Bb4 Qd4
38.b6 d5 39.b7 Rb8 40.Nd6 Nf1+ 41.Rxf1 Qxb4 42.Nf7+ Kg8 43.Nxh6+ Bxh6 44.Bxd5+ Kh8
45.Qf5 f3 46.Qc8+  1-0

[Event "Wch U20 Girls"]
[Site "Buenos Aires"]
[Date "1993.??.??"]
[Round "?"]
[White "Johansson, Victoria"]
[Black "Rajcsanyi, Zita"]
[Result "1/2-1/2"]
[WhiteElo "2155"]
[BlackElo "2145"]

1.d4 Nf6 2.c4 g6 3.Nc3 Bg7 4.e4 d6 5.Nf3 O-O 6.Be2 e5 7.O-O Nc6 8.d5 Ne7
9.b4 Nh5 10.c5 Nf4 11.Bxf4 exf4 12.Rc1 f5 13.e5 dxe5 14.d6 cxd6 15.cxd6 Nc6
16.Qd5+ Kh8 17.b5 Nd4 18.Nxe5 Qe8 19.Qxd4 Bxe5 20.Qb4 Be6 21.Bf3 Qd7 22.Rfe1 Qg7
23.Bxb7 Rad8  1/2-1/2